[Event "SVK-ch U12"]
[Site "Lubovna"]
[Date "2013.04.13"]
[Round "9"]
[White "Ciglian, Michal"]
[Black "Zboraj, Jozef"]
[Result "1-0"]
[WhiteElo "1090"]
[BlackElo "1103"]
[PlyCount "81"]
[EventDate "2013.04.06"]
[EventType "swiss"]
[EventRounds "9"]
[EventCountry "SVK"]
[SourceTitle "CBM 153 Extra"]
[Source "ChessBase"]
[SourceDate "2013.04.22"]
[SourceVersion "1"]
[SourceVersionDate "2013.04.22"]
[SourceQuality "1"]

1. e4 e5 2. Nf3 Nc6 3. Bb5 Nf6 4. 0-0 Bb4 5. c3 Bc5 6. b4 Be7 7. Re1 0-0 8. Bxc6 bxc6 9. Nxe5 Re8 10. d3 c5 11. Ba3 cxb4 12. cxb4 Bxb4 13. Bxb4 Rxe5 14. Bc3 Rg5 15. Qf3 Bb7 16. Bxf6 Qxf6 17. Qxf6 gxf6 18. Nc3 f5 19. Rab1 Rb8 20. f3 fxe4 21. Nxe4 Ra5 22. Nf6+ Kg7 23. Nxd7 Rd8 24. Rxb7 Rxd7 25. Rc1 Rxa2 26. Rcxc7 Rxd3 27. Rxf7+ Kg6 28. h3 Rdd2 29. Rg7+ Kf6 30. Rxa7 Ra1+ 31. Rxa1 Kxg7 32. Ra7+ Kg6 33. Ra5 h5 34. h4 Rd1+ 35. Kh2 Rd4 36. Rg5+ Kh6 37. Kg3 Rd6 38. Kh3 Rg6 39. f4 Rxg5 40. hxg5+ Kg6 41. Kh4 1-0

[Event "SVK-ch U12"]
[Site "Lubovna"]
[Date "2013.04.12"]
[Round "8"]
[White "Zboraj, Jozef"]
[Black "Lesko, Peter"]
[Result "1-0"]
[WhiteElo "1103"]
[BlackElo "1000"]
[PlyCount "41"]
[EventDate "2013.04.06"]
[EventType "swiss"]
[EventRounds "9"]
[EventCountry "SVK"]
[SourceTitle "CBM 153 Extra"]
[Source "ChessBase"]
[SourceDate "2013.04.22"]
[SourceVersion "1"]
[SourceVersionDate "2013.04.22"]
[SourceQuality "1"]

1. e4 c5 2. Nf3 Nc6 3. d4 cxd4 4. Nxd4 Nf6 5. Nxc6 bxc6 6. Nc3 e5 7. Bg5 Be7 8. Bc4 d6 9. 0-0 0-0 10. Re1 Bb7 11. Qf3 Ng4 12. Bxe7 Qxe7 13. Qxg4 Rad8 14. Rad1 Bc8 15. Qf3 Qh4 16. Be2 Bg4 17. Qxg4 Qxg4 18. Bxg4 a5 19. Rd2 Rb8 20. b3 Rb5 21. Nxb5 1-0

[Event "SVK-ch U12"]
[Site "Lubovna"]
[Date "2013.04.10"]
[Round "6"]
[White "Zboraj, Jozef"]
[Black "Biacko, Pavol"]
[Result "1-0"]
[WhiteElo "1103"]
[BlackElo "1000"]
[PlyCount "73"]
[EventDate "2013.04.06"]
[EventType "swiss"]
[EventRounds "9"]
[EventCountry "SVK"]
[SourceTitle "CBM 153 Extra"]
[Source "ChessBase"]
[SourceDate "2013.04.22"]
[SourceVersion "1"]
[SourceVersionDate "2013.04.22"]
[SourceQuality "1"]

1. e4 e5 2. Nf3 Nc6 3. Bb5 Nf6 4. 0-0 Be7 5. Nc3 0-0 6. Re1 d6 7. h3 Be6 8. d4 h6 9. d5 Bd7 10. dxc6 bxc6 11. Bc4 Be6 12. Bxe6 fxe6 13. Nh2 d5 14. exd5 exd5 15. Rxe5 Bd6 16. Re1 Bb4 17. a3 Bc5 18. b4 Bb6 19. Na4 a5 20. Nxb6 cxb6 21. bxa5 Rxa5 22. Qf3 Re8 23. Rxe8+ Qxe8 24. Bxh6 gxh6 25. Qxf6 Rc5 26. c3 Rb5 27. Nf3 Ra5 28. Re1 Qf7 29. Qxc6 Rxa3 30. Qc8+ Qf8 31. Re8 Rxc3 32. Rxf8+ Kg7 33. Qxc3+ Kxf8 34. Qf6+ Ke8 35. Qxb6 Ke7 36. Qxh6 d4 37. Nxd4 1-0

[Event "SVK-ch U12"]
[Site "Lubovna"]
[Date "2013.04.07"]
[Round "2"]
[White "Zboraj, Jozef"]
[Black "Hadzala, Juraj"]
[Result "0-1"]
[WhiteElo "1103"]
[BlackElo "1000"]
[PlyCount "56"]
[EventDate "2013.04.06"]
[EventType "swiss"]
[EventRounds "9"]
[EventCountry "SVK"]
[SourceTitle "CBM 153 Extra"]
[Source "ChessBase"]
[SourceDate "2013.04.22"]
[SourceVersion "1"]
[SourceVersionDate "2013.04.22"]
[SourceQuality "1"]

1. e4 c5 2. Nf3 Nc6 3. Bb5 Qb6 4. Nc3 a6 5. Ba4 Nf6 6. 0-0 g6 7. Re1 Bg7 8. d3 0-0 9. Be3 d6 10. d4 Bg4 11. d5 Nd4 12. Rb1 Nxf3+ 13. gxf3 Bh3 14. a3 e6 15. dxe6 fxe6 16. b4 Qc7 17. Bf4 Ne8 18. Qd2 Bxc3 19. Qxc3 Rxf4 20. e5 Qe7 21. Kh1 Qg5 22. Rg1 Qh5 23. Bxe8 Rxe8 24. exd6 Rd8 25. bxc5 Rxf3 26. Qd4 Rc3 27. Rxb7 Qf3+ 28. Rg2 Qxg2# 0-1

[Event "SVK-ch U12"]
[Site "Lubovna"]
[Date "2013.04.06"]
[Round "1"]
[White "Jakab, Bela"]
[Black "Zboraj, Jozef"]
[Result "1-0"]
[WhiteElo "1635"]
[BlackElo "1103"]
[PlyCount "55"]
[EventDate "2013.04.06"]
[EventType "swiss"]
[EventRounds "9"]
[EventCountry "SVK"]
[SourceTitle "CBM 153 Extra"]
[Source "ChessBase"]
[SourceDate "2013.04.22"]
[SourceVersion "1"]
[SourceVersionDate "2013.04.22"]
[SourceQuality "1"]

1. e4 e5 2. Nf3 Nc6 3. Bc4 Nf6 4. d3 d6 5. c3 Bg4 6. Nbd2 Be7 7. 0-0 0-0 8. b4 d5 9. exd5 Nxd5 10. Qc2 Nf6 11. b5 Na5 12. Nxe5 Qd6 13. Re1 Rfe8 14. Bxf7+ Kf8 15. Bxe8 Rxe8 16. a4 c6 17. Ba3 Qc7 18. Bxe7+ Rxe7 19. Nxg4 Rxe1+ 20. Rxe1 Nxg4 21. Nf3 cxb5 22. axb5 Qb6 23. Qe2 Qd8 24. Ng5 Qd7 25. Ne6+ Kf7 26. Qxg4 g6 27. Ng5+ Kg7 28. Qxd7+ 1-0